| 000 | 00364nam a22001457a 4500 | ||
|---|---|---|---|
| 005 | 20260203181229.0 | ||
| 082 | _a006.3 JYO | ||
| 100 |
_aJyothy T J _91238 |
||
| 245 | _aIntroduction To Artificial Intelligence And Data Science | ||
| 250 | _a1 | ||
| 260 |
_aOwl Books _bThiruvananthapuram _c2025 |
||
| 546 | _aLanguage : English | ||
| 650 |
_aCSE _914 |
||
| 942 | _cBK | ||
| 999 |
_c38179 _d38179 |
||